| 000 | 00555nam a22001937a 4500 | ||
|---|---|---|---|
| 003 | CEME | ||
| 005 | 20210628210234.0 | ||
| 008 | 210210b xxu||||| |||| 00| 0 eng d | ||
| 020 | _a969-8156-08-9 | ||
| 040 | _c. | ||
| 082 | _a954.91 JIN | ||
| 100 |
_aZaidi, Z. H Zaidi, Z. H _978673 |
||
| 245 | _aJinnah papers. Vol-4 pakistan at last 26 july - 14 august 1947 | ||
| 250 | _aVOL-IV | ||
| 260 |
_aISLAMABA _bOXFORD UNIVERSITY PRESS _c1993 |
||
| 300 | _a567P | ||
| 650 |
_aJINNAH PAPERS-VOL 4 PAKISTAN-INDEPENDANCE MOVEMENT _978674 |
||
| 942 |
_cBK _2ddc |
||
| 999 |
_c583778 _d583778 |
||